Normal view
MARC view
- Madhavan ,nair K.
Entry Personal Name
001 - CONTROL NUMBER
- control field: 4426
003 - CONTROL NUMBER IDENTIFIER
- control field: OSt
005 - DATE AND TIME OF LATEST TRANSACTION
- control field: 20191024173610.0
008 - FIXED-LENGTH DATA ELEMENTS
- fixed length control field: 191024|| aca||aabn | a|a d
040 ## - CATALOGING SOURCE
- Original cataloging agency: OSt
- Transcribing agency: OSt
100 ## - HEADING--PERSONAL NAME
- Personal name: Madhavan ,nair K.
670 ## - SOURCE DATA FOUND
- Source citation: Work cat.: (OSt): Madhavan ,nair K., Pension kunnu
